Datum a čas kvízu
36
Celkem bodů
Celkový počet nahraných bodů na tomto kvízu bez doplňovacích otázek.
6.
Pořadí na kvízu
Konečné umístění týmu na tomto kvízu.
Zaznamenané odpovědi
| # | Otázka | Odpověď | Body | Výsledky |
|---|---|---|---|---|
| 1. | Zástupci české armády v posled... | Leopard | 1 | |
| 2. | Minulý týden došlo v USA ke zř... | Baltimore | 1 | |
| 3. | Minulý týden byly rozdány ceny... | David Koller, Pam Rabbit | 1 | |
| 4. | V pondělí oznámila síň Heritag... | D) rám dveří, na němž se Rose zachránila | 1 | |
| 5. | Český snowboardista Radek Hous... | obarvit se na blond | 1 | |
| 6. | Věříme, že ovládáte velkou pal... | Drahá vlasti | 1 | |
| 7. | Zhruba 56 tisíc lidí obývá ost... | Grónsko | 1 | |
| 8. | Vyberte zemi, jejíž zkratka ná... | C | 1 | |
| 9. | Švýcarsko má čtyři úřední jazy... | 1B 2C 3D 4A | 1 | |
| 10. | Caerdydd je alternativní název... | Cardiff | 1 |